The Japanese colonial empire, 1895-1945 /

Xehetasun bibliografikoak
Erakunde egilea: Joint Committee on Japanese Studies
Beste egile batzuk: Myers, Ramon Hawley, 1929-, Peattie, Mark R., 1930-, Chen, Ching-chih, 1937 May 24-
Formatua: Liburua
Hizkuntza:English
Argitaratua: Princeton, N.J. : Princeton University Press, c1984.
Gaiak:
Classic Catalogue: View this record in Classic Catalogue
LEADER 02164cam a2200409 a 4500
001 2351952
005 20260518104231.0
008 830524s1984 njuaf b 001 0 eng
010 |a  83042571  
020 |a 0691053987 :  |c $47.50 
020 |a 9780691053981 
035 |a 2351952 
040 |a DLC  |c DLC  |d DLC 
043 |a a-ja---  |a ae----- 
050 0 0 |a JV5260  |b .J36 1984 
082 0 0 |a 325/.31/52095  |2 19 
245 0 4 |a The Japanese colonial empire, 1895-1945 /  |c edited by Ramon H. Myers and Mark R. Peattie ; contributors, Ching-chih Chen ... [et al.]. 
246 3 |a The Japanese colonial empire, 1895-1945 
260 |a Princeton, N.J. :  |b Princeton University Press,  |c c1984. 
300 |a x, 540 p., [6] p. of plates :  |b illustrations ;  |c 2 cm 
500 |a "Based on a conference sponsored by the Joint Committee on Japanese Studies of the American Council of Learned Societies and the Social Science Research Council." 
504 |a Includes bibliographical references and index. 
526 8 |a AAL 
541 1 |a Donated by Embassy of Japan in Bangladesh, Read Japan Project 2025, The Tokyo Foundation, supported by The Nippon Foundation.   |e 45771 
590 |a In English. 
650 0 |a Politics and government. 
651 0 |a Japan  |x Colonies  |z Asia  |x Administration  |x History.  |9 60826 
651 0 |a Japan  |x Colonies  |z Asia  |x Economic policy.  |9 60827 
651 0 |a East Asia  |x Politics and government.  |9 14053 
700 1 |a Myers, Ramon Hawley,  |d 1929-  |9 60828 
700 1 |a Peattie, Mark R.,  |d 1930-  |9 60829 
700 1 |a Chen, Ching-chih,  |d 1937 May 24-  |9 60830 
710 2 |a Joint Committee on Japanese Studies.  |9 60831 
852 1 |a Ayesha Abed Library  |c General Stacks 
942 |2 ddc  |c BK 
999 |c 47975  |d 47975 
952 |0 0  |1 0  |2 ddc  |4 0  |6 325_315209500000000_JAP  |7 0  |9 79222  |a BRACUL  |b BRACUL  |d 2026-05-18  |e Donated by Embassy of Japan in Bangladesh, Read Japan Project 2025, The Tokyo Foundation, supported by The Nippon Foundation.  |l 0  |o 325.3152095 JAP  |p 3010045771  |r 2026-05-18  |w 2026-05-18  |y BK  |x Donated copy received from Embassy of Japan in Bangladesh, Read Japan Project 2025, The Tokyo Foundation, supported by The Nippon Foundation on 08 April 2026; $69.60